00464nam a2200169 a 45000010005000000030009000050080041000140400028000550820013000831000020000962450064001162500008001802600036001883000015002244900030002396500025002694078CO-ViMGA141112s2004 ck r 000 u spa d aCO-ViMGAbspacCO-ViMGA04a628 C1711 aCasabe, Dante I10aManual de obras sanitarias : bdomiciliarios e industriales a14a aBuenos Aires : bAteneo, c1996 a286 p : il aIngenieria y arquitectura14aINGENIERIA SANITARIA